Communes des Pyrénées-Orientales (66) de plus de 10000 habitants - Statistiques

Statistiques générales
  • Ce quiz a été pris 49 fois
  • Le résultat moyen est 4 sur 7
Statistiques - réponses
Habitants Communes % Correct
120996 (préfecture) Perpignan
100%
13005 Canet-en-Roussillon
75%
10779 Argelès-sur-Mer
66%
11995 Saint-Cyprien
59%
10414 Cabestany
53%
11673 Saint-Estève
47%
11174 Pia
28%
Aucun quiz correspondant
Distribution des résultats
% des personnes avec chaque résultat
Percentile par nombre de réponses
Votre historique - résultats
Vous n’avez pas pris ce quiz